000 00332nam a22001457a 4500
008 210528b ||||| |||| 00| 0 eng d
020 _a9780538625418
041 _aeng
080 _a339.138
082 _a339.138
100 _a61
101 _aMAR
245 _aMarketing Foundations and Functions
_cBurrow,J
942 _2udc
_cBK
999 _c57800
_d57800